13 nguyên tắc nghĩ giàu, làm giàu = Think and grow rich
13 Nguyên Tắc Nghĩ Giàu Làm Giàu là cuốn sách "chỉ dẫn" duy nhất chỉ ra những nguồn lực bạn phải có để thành công. Cuốn sách sẽ giúp bạn trở nên giàu có, làm giàu thêm cho cuộc sống của bạn trên tất cả các phương diện của cuộc s...
Сохранить в:
| Главный автор: | |
|---|---|
| Другие авторы: | |
| Формат: | |
| Язык: | Vietnamese |
| Опубликовано: |
H.
Lao động xã hội
2017
|
| Редактирование: | Tái bản in thứ 15 |
| Предметы: | |
| Метки: |
Добавить метку
Нет меток, Требуется 1-ая метка записи!
|
| Thư viện lưu trữ: | Thư viện Trường Đại học Nam Cần Thơ |
|---|
| LEADER | 01431nam a22002297a 4500 | ||
|---|---|---|---|
| 001 | NCT_64028 | ||
| 008 | 190508b xxu||||| |||| 00| 0 vie d | ||
| 999 | |c 3097 |d 3097 | ||
| 020 | |a 9786046500469 |c 110000 | ||
| 082 | 0 | 4 | |2 23rd ed. |a 650.1 |b H645 |
| 100 | 1 | |a Hill, Napoleon | |
| 245 | 1 | 0 | |a 13 nguyên tắc nghĩ giàu, làm giàu |b = Think and grow rich |c Napoleon Hill ; Thảo Triều (dịch) |
| 250 | |a Tái bản in thứ 15 | ||
| 260 | |a H. |b Lao động xã hội |c 2017 | ||
| 300 | |a 400 tr. |c 24cm | ||
| 520 | 3 | |a 13 Nguyên Tắc Nghĩ Giàu Làm Giàu là cuốn sách "chỉ dẫn" duy nhất chỉ ra những nguồn lực bạn phải có để thành công. Cuốn sách sẽ giúp bạn trở nên giàu có, làm giàu thêm cho cuộc sống của bạn trên tất cả các phương diện của cuộc sống chứ không chỉ về tài chính và vật chất. | |
| 653 | |a Sách tham khảo | ||
| 700 | 0 | |a Thảo Triều |e Dịch | |
| 942 | |2 ddc |c BK | ||
| 952 | |0 0 |1 0 |2 ddc |4 0 |6 650_100000000000000_H645 |7 0 |9 16814 |a 000001 |b 000001 |d 2019-05-08 |l 1 |o 650.1 H645 |p TK.01421 |r 2019-12-24 |s 2019-12-03 |v 110000.00 |w 2019-05-08 |y BK | ||
| 952 | |0 0 |1 0 |2 ddc |4 0 |6 650_100000000000000_H645 |7 0 |9 16815 |a 000001 |b 000001 |d 2019-05-08 |o 650.1 H645 |p TK.01422 |r 2019-05-08 |v 110000.00 |w 2019-05-08 |y BK | ||
| 980 | |a Thư viện Trường Đại học Nam Cần Thơ | ||


